00682nam a22001575i 4500001000700000003000900007005001700016008004100033040003000074100004400104245013200148260008300280300002100363710004000384852010000424160912ES-MaACL20251014063233.0991210s1888 sp |||| | spa d aCCPB | B bspa cCCPB | B1 aOlavide, José Eugenio de, d1836-190110aDiscurso leído en la solemne sesión inaugural del año de 1888 en la Real Academia de Medicina por José Eugenio Olavide. aMadrid : b[s.n.], c1888 (fEstablecimiento tipográfico de Enrique Teodoro) a36 p. ; c27 cm.21aReal Academia de Medicina de Madrid aES-MaACLjT-449-F-15 z-- Enc. hol. q-- Falto de la cub. originalz-- Enc. en un vol. facticio